| 000 | 00664nam a2200205 i 4500 | ||
|---|---|---|---|
| 001 | bgj | ||
| 245 | 1 | 0 |
_aThe Most Delectable History of Reynard the Fox / _cedited by Joseph Jacobs ; done into pictures by W. Frank Calderon ; with a preface for parents by Philip Rieff. |
| 260 |
_aNew York : _bSchocken Books, _c1967. |
||
| 300 |
_a244 pp : _bill. ; _c21 cm. |
||
| 650 | 9 | _aFoxes | |
| 650 | 9 | _aFantasy | |
| 655 | _aFiction | ||
| 700 | 1 |
_aJACOBS, Joseph _d(1854-1916). _eed. |
|
| 700 | 1 |
_aCALDERON, William Frank _d(1865-1943). _eill. |
|
| 700 | 1 | _aRIEFF, Philip. | |
| 040 | _cBPK | ||
| 041 | 0 | _aeng | |
| 942 | _cKS | ||
| 008 | s uk f |000 0 eng | ||
| 999 |
_c48918 _d48918 |
||
| 856 |
_uhttp://koha.tu.koszalin.pl/cgi-bin/koha/opac-detail.pl?biblionumber=48918 _yKatalog online BPK |
||